| 000 | 00730cam a22002413a 4500 | ||
|---|---|---|---|
| 001 | 18307 | ||
| 003 | PGUSA | ||
| 005 | 20140828083405.0 | ||
| 008 | 060504s2006||||xxu|||||s|||||000 1 eng d | ||
| 040 |
_aPGUSA _beng |
||
| 042 | _adc | ||
| 050 | 4 | _aPZ | |
| 100 | 1 |
_aSteel, Flora Annie Webster, _d1847-1929 |
|
| 245 | 1 | 4 |
_aThe Adventures of Akbar _h[electronic resource] / _cFlora Annie Webster Steel |
| 260 |
_bProject Gutenberg, _c2006 |
||
| 506 | _aPublic domain in the USA. | ||
| 516 | _aElectronic text | ||
| 653 | _aAkbar, emperor of Hindustan, 1542-1605 -- Juvenile fiction | ||
| 700 | 1 |
_aShaw, Byam, _d1872-1919 |
|
| 830 | 0 |
_aProject Gutenberg _v18307 |
|
| 856 | 4 | 0 | _uhttp://www.gutenberg.org/ebooks/18307 |
| 942 | _cEB | ||
| 999 |
_c247562 _d247562 |
||